000 01949cam a2200541 4500
001 21449
003 VRT
005 20260302122903.0
008 210624s2019 xo a br 000 j slo
015 _aSNBA2020/02
020 _a9788055169422
_q(viazané)
035 _aurn:nbn:sk:snk-am00em7c
035 _aurn:nbn:sk:snk-am3ijie
035 _a088F8757-2B4A-4DAF-A6A6-586F4B1D78AC
039 9 _a202301121538
_bAUTHORITY
_c202106241149
_dVLOAD
_c202102231428
_dVLOAD
_c202102230843
_dVLOAD
040 _aPPPK
_bslo
_cPPPK
_dSNK
_erda
041 0 _aslo
044 _axo
_cSK
072 7 _a821.162.4-3
_xSlovenská próza
_2konspekt
072 7 _a821-93
_xLiteratúra pre deti a mládež (beletria)
_2konspekt
080 _a821.162.4-34
_22011
080 _a82-93-053.4/.5
_22011
080 _a82-34:808.1
_22011
100 1 _aMarčeková, Halka
_4aut
245 1 0 _aStrašidielka
_cHalka Marčeková ; ilustroval Jakub Cenkl
250 _aPrvé vydanie
264 1 _aBratislava
_bIkar, a.s. - Stonožka
_c2019
300 _a127 strán
_bfarebné ilustrácie
_c25 cm
336 _atext
_btxt
_2rdacontent
336 _astatický obraz
_bsti
_2rdacontent
337 _abez média
_bn
_2rdamedia
338 _azväzok
_bnc
_2rdacarrier
521 8 _aPre čitateľov od 5 rokov
655 7 _aslovenské rozprávky
_2SNKPH
655 7 _aliteratúra pre deti
_2SNKPH
655 7 _aSlovak fairy tales
_2SNKPHeng
655 7 _aChildren's literature
_2SNKPHeng
655 7 _aAuthor fairy tales
_2SNKPHeng
655 7 _aautorské rozprávky
_2SNKPH
700 1 _aCenkl, Jakub,
_d1982-
_4ill
910 _asnk
942 _2ddc
_cKLDE
_n0
949 _6273K0649112
_asvkpoB 108933
_bsvkpo642744
949 _6270001000576733
_asvkbbB 60792
_bsvkbbm 787475
949 _62889352198
_asavukPV 29426
_bsavuk2019/4656
949 _617A1413848
_asnkSC 187469
_bsnk2020/832
_o2405/19
_s6100:20200228
949 _617A1413847
_asnkSC 187469 D1
_bsnk2020/833
_o2405/19
999 _c21449
_d21449